00640cam a22002171 4500001001300000003000400013005001700017008004100034010001700075025002000092035002000112040001700132042001200149050002000161110006000181245008300241260003700324300001800361650002600379999001700405sa 68013676 DLC20260227112623.0931123s1963 io 000 0 ind  asa 68013676  aPL480:Indo-7588 a(OCoLC)29378395 aDLCcCUdDLC apremarc00aL597b.C5 1963b1 aIndonesia.bDepartemen Pendidikan Dasar dan Kebudajaan.10aPolitik pendidikan dan kebudajaan, Departemen Pendidikan Dasar dan Kebudajaan. aDjakarta,bBalai Pustakac[1963] a10 p.c18 cm. 0aEducationzIndonesia. c85249d85249